| 000 | 00727nam a22002777a 4500 | ||
|---|---|---|---|
| 003 | CHAP | ||
| 005 | 20240227085845.0 | ||
| 008 | 971013s1980 r 00010 d | ||
| 010 | _a70353 | ||
| 011 | _a71325 | ||
| 035 | _a80879 | ||
| 040 | _cCHAP | ||
| 082 |
_a021.8 _bE3 |
||
| 100 | 0 | 0 |
_aEdsall, Marian S. _935397 |
| 245 | _aLibrary promotion handbook | ||
| 260 |
_aPhoenix, Az. : _bOryx, _c1980 |
||
| 300 |
_a244 p. _b: ilus. |
||
| 590 |
_aBATCH-UPD _b10 _c20130110 |
||
| 590 |
_aBATCH-UPD _b10 _c20130110 |
||
| 590 |
_aCONVERSION _b10 _c20130109 |
||
| 650 | 1 | 4 |
_aBibliotecas. _912488 |
| 650 | 1 | 4 |
_aExposiciones. _939121 |
| 901 | _aBK | ||
| 942 |
_cLIBRO _2ddc |
||
| 949 |
_a021.8 E3 _bBC _cB _d-33889 _eB _h60327 _i80879 _si |
||
| 999 |
_c70353 _d70353 |
||